Zvířecí záchranáři a štěně

Saved in:
Bibliographic Details
Main Author Rožnovská, Lenka
Other Authors Lucia Derčalíková
Format Electronic eBook
LanguageCzech
Published Bambook 2026
Edition1. elektronické vydání
Subjects
Online AccessDostupné v BOOKPORT po přihlášení pomocí eduID
ISBN978-80-247-9188-3
978-80-271-6158-4
Physical Description1 online zdroj (72 stran)

Cover

LEADER 00000nam a2200000 i 4500
001 bkp15299
003 CZ-prgp
005 20260407112623.0
006 m o d
007 cr cn
008 260407s2026 xr o 000 0 cze
020 |a 978-80-247-9188-3  |c 212 Kč  |q (online ; pdf) 
020 |a 978-80-271-6158-4  |c 253 Kč  |q (print) 
040 |a Grada  |b cze  |e rda 
100 1 |a Rožnovská, Lenka 
245 1 0 |a Zvířecí záchranáři a štěně  |c Lenka Rožnovská, Lucia Derčalíková 
250 |a 1. elektronické vydání 
264 1 |b Bambook  |c 2026 
300 |a 1 online zdroj (72 stran) 
336 |a text  |b txt  |2 rdacontent 
337 |a počítač  |b c  |2 rdamedia 
338 |a online zdroj  |b cr  |2 rdacarrier 
520 3 |a Tak to jsou zase oni - zvířecí záchranáři: děda Orlík, dlouhán Matyáš, chytrý Miki, tichošlápek Petr, pomalý Erik a jeho zrychlená ségra Sofie. Jednoho dne se vydají na jarní procházku k potoku. Přitom objeví odložené štěně, které nedýchá. Podaří se jim zachránit mu život? 
650 0 4 |a První čtení 
700 1 |a Lucia Derčalíková 
856 4 0 |u https://www.bookport.cz/AccountSaml/SignIn/?idp=https://shibboleth.utb.cz/idp/shibboleth&returnUrl=/kniha/zvireci-zachranari-a-stene-15945/  |y Dostupné v BOOKPORT po přihlášení pomocí eduID